Quizzes
Events
Quiz Creation
Community
Videos
Private Events
Remove Ads
Sign In
Join for FREE
Feedback
Dark Mode
Quiz Categories
Sports
Geography
Music
Movies
Television
Just For Fun
Miscellaneous
History
Literature
Language
Science
Gaming
Entertainment
Religion
Holiday
For Kids
Quiz Lab
Recent
Popular Today
Quiz Kudos Today
Editor Picks
Curator Picks
Quizzes by...
Day
Popularity
Type
Ratings
Length
Year
Community
Subscriptions
Recent Discussions
Orange Saloon
Badges
Playlists
Quests
Create
Leaderboards
Showdown
Live 5
Trivia Bingo
Activity
Puzzle Library
Sporcle Events
Private Events
Virtual Trivia
Globe League
Become a Host
Pub Owners
SporcleCon
Opinionation
Our Games
Videos
Blog
Mobile Apps
Partnerships
Remove Ads and Go Orange
Feedback
Music
Pop Music
The Beatles
Song
Album
Lyrics
Bands
Singers
Artist
Clip
Rock
Rap
Classical
Billboard
Country Music
Kpop
Taylor Swift
Music
Pop Music
The Beatles
Song
Album
Lyrics
Bands
Singers
Artist
Clip
Rock
Rap
Classical
Billboard
Country Music
Kpop
Taylor Swift
Random Quiz
Search Sporcle
×
Quiz Lab
Quiz Lab
Music
Song
Type in answers that appear in a list
Type in answers that appear in a list
Classic
Best Score? Go Orange.
Editors song quiz Stats
Can you name the Editors song quiz?
By
Urbanowicz
10m
68 Questions
116 Plays
116 Plays
116 Plays
Comments
Comments
Give Quiz Kudos
Give Quiz Kudos
-
- Ratings
hide this ad
Replay
Link that replays current quiz
Next Quiz
Link to next quiz in quiz playlist
You Got
0%
They Got
Avg Score
40%
Avg Friend Score
Upgrade to see
Score Distribution
Jump to the score distribution portion of the page
Score
0/68
Timer
10:00
0
Plays Today
% Correct
munich
91.4%
blood
80.2%
smokers outside the hospital doors
77.6%
an end has a start
76.7%
the racing rats
73.6%
bones
72.4%
lights
71.6%
bullets
69%
in this light and on this evening
67.2%
camera
66.4%
fingers in the factories
66.4%
spiders
65.5%
all sparks
64.7%
the weight of the world
62.9%
the boxer
59.5%
you don't know love
58.6%
bricks and mortar
56%
when anger shows
55.2%
push your head towards the air
55.2%
well worn hand
54.3%
escape the nest
54.3%
eat raw meat=blood drool
53.4%
distance
52.6%
like treasure
51.7%
fall
50%
open your arms
47.4%
the big exit
45.7%
no sound but the wind
44%
someone says
43.4%
walk the fleet road
43.1%
colours
43.1%
forest fire
42.2%
you are fading
39.7%
release
34.5%
% Correct
human
33.6%
open up
33.6%
life as a ghost
31.9%
this house is full of noise
31.9%
a thousand pieces
31.9%
banging heads
30.2%
last day
30.2%
the diplomat
29.3%
crawl down the wall
29.3%
come share the view
29.3%
i want a forest
28.4%
let your good heart lead you home
28.4%
heads in bags
27.6%
pappilon
27.6%
lullaby
27.4%
find yourself a safe place
25.9%
time to slow down
24.1%
an eye for an eye
24.1%
french disko
23.6%
the picture
23.6%
two hearted spider
23.3%
dust in the sunlight
23.3%
alone
22.4%
the sting
21.6%
thousands of lovers
21.6%
some kind of spark
21.6%
disappear
21.6%
these streets are still home to me
19.8%
i buried the devil
19%
from the outside
18.1%
one for the money
10.3%
acceptable in the 80's
9.4%
every little piece of your life
8.5%
abel
7.5%
Quiz Playlist
Details
Report
Send in Message
Add To Playlist
Classic:
Type in answers that appear in a list
Last Updated: Feb 16, 2017
Quiz Scoreboard
CHALLENGE
Sign Up to Join the Scoreboard
Show All
Scores
Hide
Comments
May contain spoilers
Recently Published
College Basketball Coaching Resumes
by pancakes188
Sports
9m
Billboard Blitz: Fleetwood Mac
by CooCooCachoo
Music
15s
Presidents Visiting Landmarks
by Hejman
History
7m
More to Explore
Quiz From the Vault
Featured Blog Post
Where Did the Easter Bunny Come From?
hide this ad
You Might Also Like...
Tags
Song Quiz
Editor
Today's Top Quizzes in Music
Browse Music
hide this ad
Today's Top Quizzes in Song
Browse Song
Top Contributed Quizzes in Music
1
Taylor Swift All Songs (2024)
2
Guess the Artist- 70s Songs
3
7-to-1: Billboard Hot 100 #1 Hits of 2010s
4
Sorting Albums and Songs
5
Taylor Swift Logic Puzzle
6
KPOP LOGIC QUIZ
7
One Thing in Common: Music
8
Guess the Taylor Swift song (Mystery Song)
9
2010s Album by Cover III
10
Guess The Taylor Swift Lyrics Song #1
Explore More
Trending Topics
Disney
Marvel
NBA
Harry Potter
Anime
Kpop
Crossword
Pokémon
Puzzle
Country
WWE
Song
Soccer
NFL
The Office
hide this ad
More By:
Urbanowicz
Quiz
Plays
Rating
Category
Featured
Created
Editors song quiz
116
2.60
Music
Mar 23, 2012
Go to Creator's Profile
Score Distribution
Quiz Creator Spotlight
Urbanowicz
Follow
Send a Message
Quizzes Created
-
Created Quiz Play Count
-
More By This Creator
Popular Quizzes Today
1
Find the US States - No Outlines Minefield
2
Find the Countries of Europe - No Outlines Minefield
3
The Countries of the World
4
Find the US States
5
Risky Map Clicking: Biggest States A-Z
6
US States
7
Popular People in 1961
8
Movies - When Are They Set?
More Music Quizzes
Music Groups Grab Bag
Published
Trending Quizzes
Risky Map Clicking: Least Populous States A-Z
1-10 Letter G Words
1-10 Letter F Words
Risky Map Clicking: Next State Alphabetically
Click the Washington State Counties! (Map)
Recently Updated
Leaping Animals
pecheneg
Reality TV Shows (A-Z)
bhenderson79
Rickey Henderson's Hall of Fame Teammates
pecheneg
Champions League XIs: Arsenal
pecheneg
Quick Pick: Celebrities in WWE's Hall of Fame
aduchscher
A-Z Keypad Blitz II
pecheneg
Multiple Oscar Actors
pecheneg
Mystery Phrase Blitz: Oscar 'Best Actors'
pecheneg
F. Scott Fitzgerald Novels
LTH
Pick 3 Villains
ddd62291
Trending Topics
Anime
Disney
Harry Potter
Marvel
Kpop
Crossword
NBA
Song
WWE
The Office
Pokémon
Soccer
NFL
Country
Puzzle
Your Account Isn't Verified!
In order to create a playlist on Sporcle, you need to verify the email address you used during registration. Go to your
Sporcle Settings
to finish the process.
Report this User
Report this user for behavior that violates our
Community Guidelines
.
Details:
Send Report
Go to the Sporcle.com Mobile Site →
Comments